Differential equations for engineers and scientists / (Record no. 19082)

MARC details
000 -LEADER
fixed length control field 01163nam a2200325 i 4500
001 - CONTROL NUMBER
control field 016245648
003 - CONTROL NUMBER IDENTIFIER
control field EG-ScBUE
005 - DATE AND TIME OF LATEST TRANSACTION
control field 20241015105140.0
008 - FIXED-LENGTH DATA ELEMENTS--GENERAL INFORMATION
fixed length control field 111212s2013 nyua f 001 0 eng d
020 ## - INTERNATIONAL STANDARD BOOK NUMBER
International Standard Book Number 9780071310420
020 ## - INTERNATIONAL STANDARD BOOK NUMBER
International Standard Book Number 0071310428
035 ## - SYSTEM CONTROL NUMBER
System control number (OCoLC)733235355
040 ## - CATALOGING SOURCE
Original cataloging agency StEdALDL
Language of cataloging eng
Description conventions rda
Transcribing agency StEdALDL
Modifying agency IeDuTC
-- Uk
-- EG-ScBUE
082 04 - DEWEY DECIMAL CLASSIFICATION NUMBER
Classification number 515.35
Item number ÇEN
Edition number 22
100 1# - MAIN ENTRY--PERSONAL NAME
Personal name Çengel, Yunus A.,
Relator term author.
245 10 - TITLE STATEMENT
Title Differential equations for engineers and scientists /
Statement of responsibility, etc Y. A. Cengel, University of Nevada, Reno, W. J. Palm III, University of Rhode Island.
250 ## - EDITION STATEMENT
Edition statement International edition.
264 #1 - PUBLICATION, DISTRIBUTION, ETC. (IMPRINT)
Place of publication, distribution, etc New York :
Name of publisher, distributor, etc McGraw-Hill Education,
Date of publication, distribution, etc 2013.
300 ## - PHYSICAL DESCRIPTION
Extent xii, 611 pages :
Other physical details illustrations (black and white) ;
Dimensions 27 cm
336 ## - CONTENT TYPE
Source rdacontent
Content type term text
Content type code txt
337 ## - MEDIA TYPE
Media type term unmediated
Source rdamedia
Media type code n
338 ## - CARRIER TYPE
Carrier type term volume
Carrier type code nc
Source rdacarrier
500 ## - GENERAL NOTE
General note Includes index.
650 #7 - SUBJECT ADDED ENTRY--TOPICAL TERM
Topical term or geographic name as entry element Differential equations.
Source of heading or term BUEsh
650 #7 - SUBJECT ADDED ENTRY--TOPICAL TERM
Topical term or geographic name as entry element Engineering mathematics.
Source of heading or term BUEsh
653 ## - INDEX TERM--UNCONTROLLED
Resource For college Engineering, Mechanical
-- Engineering, Electrical
-- Engineering, Civil
Arrived date list March2015
655 ## - INDEX TERM--GENRE/FORM
Form subdivision Reading book
9 (RLIN) 34232
700 1# - ADDED ENTRY--PERSONAL NAME
Personal name Palm, William J.
Fuller form of name (William John),
Dates associated with a name 1944-
Relator term author.
942 ## - ADDED ENTRY ELEMENTS (KOHA)
Source of classification or shelving scheme Dewey Decimal Classification
Koha item type Book - Borrowing
Holdings
Withdrawn status Lost status Source of classification or shelving scheme Damaged status Not for loan Collection code Home library Current library Shelving location Date acquired Source of acquisition Cost, normal purchase price Total Checkouts Total Renewals Full call number Barcode Date last seen Date checked out Cost, replacement price Koha item type
    Dewey Decimal Classification     Baccah Central Library Central Library First floor 19/03/2015 Purchase 270.00 4 15 515.35 CEN 000037659 15/07/2025 04/03/2024 337.50 Book - Borrowing
    Dewey Decimal Classification     Baccah Central Library Central Library First floor 19/03/2015 Purchase 270.00 2 19 515.35 CEN 000037658 15/07/2025 04/03/2024 337.50 Book - Borrowing
    Dewey Decimal Classification     Baccah Central Library Central Library First floor 19/03/2015 Purchase 270.00 4 38 515.35 CEN 000037657 15/07/2025 24/02/2024 337.50 Book - Borrowing